| 000 | 00647cam a2200229 4500 | ||
|---|---|---|---|
| 001 | B2358 | ||
| 008 | 090401t1989 xxu||||| |||| 00| 0 eng d | ||
| 035 | _a(Sirsi) u49588 | ||
| 041 | _aeng | ||
| 050 | _a692.8 | ||
| 100 | _aSmith, M.J. | ||
| 245 | _aPayments to contractors - 2.Delays in settlement of the final account | ||
| 260 |
_aAscot,Berks _bChartered Institute of Building _c1989 |
||
| 300 | _a10p. ; 30cm | ||
| 350 | _a0 | ||
| 490 |
_aTechnical Information Service _v103 |
||
| 650 | _aBILLS OF VARIATIONS | ||
| 650 | _aBUILT ENVIRONMENT-BUILDING CONTRACT FORMS | ||
| 650 | _aFINAL ACCOUNTS | ||
| 942 | _n0 | ||
| 948 | _c04/03/1997 | ||
| 999 |
_c92577 _d92577 |
||